Normal view
MARC view
Entry Meeting Name
001 - CONTROL NUMBER
- control field: 24643
003 - CONTROL NUMBER IDENTIFIER
- control field: ARRUPE
005 - DATE AND TIME OF LATEST TRANSACTION
- control field: 20160804113537.0
008 - FIXED-LENGTH DATA ELEMENTS
- fixed length control field: 160804|| aca||aabn | a|a d
040 ## - CATALOGING SOURCE
- Original cataloging agency: ARRUPE
- Transcribing agency: ARRUPE
111 ## - HEADING--MEETING NAME
- Meeting name or jurisdiction name as entry element: Afrolit Society Literacy Seminar
- Number of part/section/meeting: (3rd :
- Date of meeting: 1972 :
- Location of meeting: Lomé, Togo)
670 ## - SOURCE DATA FOUND
- Source citation: Work cat.: (ARRUPE)0: Afrolit Society Literacy Seminar (3rd : 1972 : Lomé, Togo), Literacy and human development :, c1979.